[Event "FB1 2223 SV Medizin Erfurt - OSG Baden-"]
[Site "?"]
[Date "2022.11.13"]
[Round "4.1"]
[White "Abdumalik, Zhansaya"]
[Black "Nguyen, Ha Thanh"]
[Result "1-0"]
[WhiteElo "2501"]
[BlackElo "1982"]
[PlyCount "45"]
[EventDate "2022.??.??"]

1. e4 c5 2. Nf3 e6 3. d4 cxd4 4. Nxd4 Nc6 5. Nc3 Qc7 6. Be3 a6 7. Qf3 Ne5 8. Qg3 h5 9. O-O-O h4 10. Qh3 Nc4 11. Bxc4 Qxc4 12. Rd3 b5 13. Rhd1 Qc7 14. Nb3 b4 15. Na4 Nf6 16. f3 Qc6 17. Nb6 Rb8 18. e5 Ng8 19. Na5 Qc7 20. Nac4 f6 21. Qg4 Kf7 22. Nxc8 Qxc8 23. Rxd7+ 1-0

[Event "FB1 2223 SV Medizin Erfurt - OSG Baden-"]
[Site "?"]
[Date "2022.11.13"]
[Round "4.2"]
[White "Reuter, Elisa"]
[Black "Stefanova, Antoaneta"]
[Result "0-1"]
[WhiteElo "1909"]
[BlackElo "2442"]
[PlyCount "132"]
[EventDate "2022.??.??"]

1. e4 e5 2. Nf3 Nc6 3. Bc4 Bc5 4. c3 Nf6 5. d3 d6 6. Nbd2 a6 7. Bb3 Ba7 8. Nf1 Ne7 9. Ng3 h6 10. d4 Ng6 11. O-O O-O 12. h3 Nh7 13. dxe5 dxe5 14. Qxd8 Rxd8 15. Nf5 Nf6 16. Re1 Kf8 17. Ng3 Nd7 18. h4 f6 19. h5 Ne7 20. Be3 Bxe3 21. Rxe3 Nc5 22. Bc2 a5 23. Re2 Bg4 24. Ree1 Nd3 25. Bxd3 Rxd3 26. Nh2 Be6 27. Nhf1 a4 28. a3 Rad8 29. f3 Nc6 30. Kf2 Na5 31. Ne3 Rd2+ 32. Re2 Nc4 33. Rb1 Nxe3 34. Kxe3 R8d3+ 35. Kf2 Bc4 36. Rxd2 Rxd2+ 37. Kg1 Ba2 38. Ra1 Rxb2 39. Rd1 Rb1 40. Rxb1 Bxb1 41. Kf2 Ba2 42. Nf5 Be6 43. Ne3 b5 44. Ke2 c5 45. Kd2 Ke7 46. Kc2 Kd7 47. Kb2 Kc6 48. Kc2 Kb6 49. Kb2 Ka5 50. Nc2 Bf7 51. Ne3 Be6 52. Nc2 f5 53. exf5 Bxf5 54. Ne3 Be6 55. Nc2 Kb6 56. Ne3 Kc6 57. Nf1 Bf7 58. Ng3 Kd5 59. Kc2 Bg8 60. Kb2 Bh7 61. Nf1 e4 62. Ne3+ Ke5 63. fxe4 Kxe4 64. Nf1 Kd3 65. Nh2 Be4 66. g3 Bd5 0-1

[Event "FB1 2223 SV Medizin Erfurt - OSG Baden-"]
[Site "?"]
[Date "2022.11.13"]
[Round "4.3"]
[White "Paehtz, Elisabeth"]
[Black "Mueller-Ludwig, Kristin"]
[Result "1-0"]
[WhiteElo "2464"]
[BlackElo "2050"]
[PlyCount "51"]
[EventDate "2022.??.??"]

1. d4 Nf6 2. Nf3 g6 3. g3 Bg7 4. Bg2 O-O 5. c4 d6 6. O-O Nbd7 7. Nc3 e5 8. e4 exd4 9. Nxd4 Re8 10. h3 a6 11. Be3 Rb8 12. a4 Ne5 13. b3 Bd7 14. Nde2 Qc8 15. f4 Nc6 16. Kh2 Nb4 17. Qd2 Bc6 18. Nd5 Bxd5 19. cxd5 c5 20. Nc3 Nd7 21. Rac1 Qd8 22. e5 dxe5 23. f5 b6 24. Rcd1 Nf6 25. Bg5 Qd6 26. fxg6 1-0

[Event "FB1 2223 SV Medizin Erfurt - OSG Baden-"]
[Site "?"]
[Date "2022.11.13"]
[Round "4.4"]
[White "Troyke, Doreen"]
[Black "Salimova, Nurgyul"]
[Result "0-1"]
[WhiteElo "2001"]
[BlackElo "2379"]
[PlyCount "76"]
[EventDate "2022.??.??"]

1. c4 e6 2. g3 d5 3. Bg2 Nf6 4. Nf3 d4 5. d3 Nc6 6. O-O Bc5 7. a3 a5 8. Qc2 h6 9. Nbd2 O-O 10. b3 e5 11. Bb2 Re8 12. h3 Bf5 13. Rfe1 Qd7 14. Kh2 Bh7 15. Rad1 e4 16. Nxe4 Nxe4 17. dxe4 Bxe4 18. Qd2 Rad8 19. Qf4 Bc2 20. Rc1 Bxb3 21. Nd2 Ba4 22. Bd5 Ne5 23. Bg2 Ng6 24. Qf3 Bc6 25. Qb3 Bxg2 26. Kxg2 h5 27. Nf3 h4 28. Rcd1 hxg3 29. fxg3 Re4 30. Qxb7 Rde8 31. Ng1 Re3 32. Qd5 Bd6 33. Bxd4 Rxg3+ 34. Kf1 Nf4 35. Qb5 c6 36. Qb6 Qf5 37. Bf2 Rxg1+ 38. Kxg1 Qg6+ 0-1

[Event "FB1 2223 SV Medizin Erfurt - OSG Baden-"]
[Site "?"]
[Date "2022.11.13"]
[Round "4.5"]
[White "Zatonskih, Anna"]
[Black "Umpfenbach, Carolin"]
[Result "1-0"]
[WhiteElo "2349"]
[BlackElo "2046"]
[PlyCount "59"]
[EventDate "2022.??.??"]

1. e4 e6 2. d4 d5 3. e5 c5 4. c3 Ne7 5. Nf3 Nec6 6. Bd3 Be7 7. O-O Nd7 8. Re1 Qb6 9. Bc2 h6 10. a3 Nf8 11. Nbd2 cxd4 12. c4 a5 13. h3 Bc5 14. Bd3 Bd7 15. Nb3 dxc4 16. Bxc4 Ng6 17. Nxc5 Qxc5 18. Qe2 Rd8 19. Bd3 Nge7 20. Bd2 Nd5 21. Qe4 Qb6 22. h4 f5 23. exf6 Nxf6 24. Qg6+ Kf8 25. Bc4 Re8 26. Rac1 Re7 27. Bf4 Nd8 28. Be5 Be8 29. Qd3 Bf7 30. Bxd4 1-0

[Event "FB1 2223 SV Medizin Erfurt - OSG Baden-"]
[Site "?"]
[Date "2022.11.13"]
[Round "4.6"]
[White "Ulrich, Helena Irene"]
[Black "Tammert, Iamze"]
[Result "0-1"]
[WhiteElo "1592"]
[BlackElo "2294"]
[PlyCount "96"]
[EventDate "2022.??.??"]

1. e4 c5 2. Nf3 Nf6 3. Nc3 d5 4. exd5 Nxd5 5. Nxd5 Qxd5 6. d4 cxd4 7. Nxd4 a6 8. Be3 e5 9. Nf3 Qa5+ 10. c3 Qc7 11. a4 f6 12. Qb3 Bc5 13. Bxc5 Qxc5 14. Bc4 Nc6 15. Bf7+ Ke7 16. O-O Rd8 17. Rad1 Rxd1 18. Rxd1 Nd8 19. Bg8 Bf5 20. Rd5 Qc7 21. Qb4+ Ke8 22. Nh4 Be6 23. Bxe6 Nxe6 24. Rd6 Nc5 25. Rd1 Rd8 26. Qg4 Rxd1+ 27. Qxd1 Qd7 28. Qxd7+ Kxd7 29. a5 Nb3 30. Nf5 g6 31. Ne3 Nxa5 32. Kf1 f5 33. Ke2 Kd6 34. Kd3 b5 35. f3 Nb3 36. Kc2 Nc5 37. Kd2 h5 38. h4 f4 39. Nc2 e4 40. fxe4 Ke5 41. Nb4 Kxe4 42. Ke2 a5 43. Nc6 a4 44. Na7 Nd3 45. Nxb5 Nxb2 46. Na3 Kd5 47. Kd2 Nc4+ 48. Nxc4 Kxc4 0-1

[Event "FB1 2223 Hamburger SK - SK Schwäbisch "]
[Site "?"]
[Date "2022.11.13"]
[Round "4.1"]
[White "Javakhishvili, Lela"]
[Black "Socko, Monika"]
[Result "1-0"]
[WhiteElo "2455"]
[BlackElo "2458"]
[PlyCount "113"]
[EventDate "2022.??.??"]

1. d4 Nf6 2. c4 e6 3. Nf3 Bb4+ 4. Bd2 c5 5. Bxb4 cxb4 6. e3 O-O 7. Bd3 d6 8. Nbd2 Nc6 9. Qc2 e5 10. O-O Re8 11. dxe5 dxe5 12. Ne4 h6 13. Nxf6+ Qxf6 14. Be4 Bg4 15. h3 Bxf3 16. Bxf3 Rac8 17. Rfd1 Rc7 18. Be4 g6 19. Rd2 Rec8 20. Rad1 Na5 21. b3 b5 22. Rd5 a6 23. Rd6 Qe7 24. Rxa6 Nb7 25. Bd5 Kg7 26. Qd2 bxc4 27. bxc4 Rd8 28. Rb6 Na5 29. Qxb4 Qxb4 30. Rxb4 Nxc4 31. e4 Na3 32. Rb3 Nc2 33. Rc1 Rdc8 34. a4 Nd4 35. Rxc7 Rxc7 36. Rb7 Rxb7 37. Bxb7 f5 38. exf5 gxf5 39. a5 Kf6 40. a6 Nb5 41. f3 Ke7 42. Kf2 Kd7 43. Ke3 Kc7 44. f4 Kd6 45. Bc8 Nc7 46. a7 exf4+ 47. Kxf4 Kc6 48. Kxf5 Kb6 49. Kg6 Kxa7 50. Kxh6 Kb8 51. Bf5 Nd5 52. g4 Kc7 53. Kg7 Kd6 54. h4 Ke7 55. h5 Nf6 56. h6 Ne8+ 57. Kg6 1-0

[Event "FB1 2223 Hamburger SK - SK Schwäbisch "]
[Site "?"]
[Date "2022.11.13"]
[Round "4.2"]
[White "Gaal, Zsoka"]
[Black "Arabidze, Meri"]
[Result "0-1"]
[WhiteElo "2286"]
[BlackElo "2421"]
[PlyCount "170"]
[EventDate "2022.??.??"]

1. Nf3 Nf6 2. g3 b6 3. Bg2 Bb7 4. O-O g6 5. c4 c5 6. Nc3 Bg7 7. Re1 d6 8. e4 e5 9. d4 Nc6 10. dxe5 dxe5 11. Nd5 h6 12. b4 cxb4 13. Bb2 Nd7 14. a3 b3 15. Qxb3 Nc5 16. Qc2 O-O 17. Rad1 Qb8 18. h4 Bc8 19. h5 Bg4 20. Ne3 Bxf3 21. Bxf3 Ne6 22. Nd5 Qb7 23. Bg4 Rae8 24. hxg6 fxg6 25. Bxe6+ Rxe6 26. Re2 Rc8 27. Bc3 Qa6 28. Qa2 Kh7 29. Red2 Na5 30. Bxa5 Qxa5 31. Ne3 Re7 32. Rd5 Qa4 33. Qe2 Qc6 34. Qg4 h5 35. Qh3 Rf8 36. R1d2 Bh6 37. g4 Bxe3 38. Qxe3 Rf4 39. gxh5 Rg4+ 40. Kh2 Rh4+ 41. Kg3 Rxh5 42. Qf3 Rg5+ 43. Kh4 Rg1 44. Rd6 Qxc4 45. Rd7 Qe6 46. R2d6 Qxd7 47. Rxd7 Rxd7 48. Qf6 Rh1+ 49. Kg4 Rh5 50. Qe6 Rc7 51. Qd6 Rf7 52. f3 Rh1 53. Qxe5 Rg1+ 54. Kh4 Rxf3 55. Qh2 Rff1 56. Qc7+ Kh6 57. Qd8 Rf4+ 58. Kh3 Rf3+ 59. Kh2 Rgf1 60. Qh8+ Kg5 61. Qe5+ Kg4 62. Qe6+ Kf4 63. Qf6+ Ke3 64. Qg5+ Kd3 65. Qd5+ Ke2 66. Qa2+ Ke3 67. Qb3+ Kxe4 68. Qe6+ Kd4 69. Qd6+ Kc4 70. Qe6+ Kc3 71. Qe5+ Kb3 72. Qd6 g5 73. Qb4+ Ka2 74. a4 g4 75. a5 g3+ 76. Kh3 R1f2 77. Qa4+ Kb1 78. Qb4+ Kc2 79. Qc4+ Kb2 80. Qb4+ Rb3 81. Qd4+ Ka3 82. Qd6+ Ka4 83. axb6 Rh2+ 84. Kg4 axb6 85. Qd4+ Rb4 0-1

[Event "FB1 2223 Hamburger SK - SK Schwäbisch "]
[Site "?"]
[Date "2022.11.13"]
[Round "4.3"]
[White "Atalik, Ekaterina"]
[Black "Papp, Sarah"]
[Result "1-0"]
[WhiteElo "2398"]
[BlackElo "2294"]
[PlyCount "53"]
[EventDate "2022.??.??"]

1. c4 e5 2. d3 Bb4+ 3. Bd2 Bxd2+ 4. Qxd2 c5 5. Nf3 Nc6 6. Nc3 d6 7. g3 Nf6 8. Bg2 O-O 9. O-O h6 10. Ne1 Be6 11. f4 exf4 12. gxf4 Re8 13. e4 Nd4 14. Nf3 Nxf3+ 15. Rxf3 Bd7 16. Kh1 Kh7 17. Rg1 a6 18. Bh3 b5 19. Qg2 g6 20. Bxd7 Nxd7 21. cxb5 axb5 22. Nxb5 Nb6 23. e5 Nc8 24. Rg3 Ne7 25. Nxd6 Rf8 26. f5 g5 27. Rxg5 1-0

[Event "FB1 2223 Hamburger SK - SK Schwäbisch "]
[Site "?"]
[Date "2022.11.13"]
[Round "4.4"]
[White "Genova, Lyubka"]
[Black "Bulmaga, Irina"]
[Result "1/2-1/2"]
[WhiteElo "2219"]
[BlackElo "2426"]
[PlyCount "58"]
[EventDate "2022.??.??"]

1. e4 e5 2. Nf3 Nc6 3. Nc3 Nf6 4. d4 exd4 5. Nxd4 Bb4 6. Nxc6 bxc6 7. Bd3 O-O 8. O-O Re8 9. Qf3 Rb8 10. Bg5 Bd6 11. Bxf6 Qxf6 12. Qxf6 gxf6 13. Na4 c5 14. b3 Bb7 15. f3 Bc6 16. Rab1 Be5 17. Kh1 Bxa4 18. bxa4 c6 19. c4 Bb2 20. Rf2 Bd4 21. Rff1 Rb4 22. Rxb4 cxb4 23. Rd1 Re7 24. g3 Kf8 25. Kg2 Ke8 26. f4 a5 27. Kf3 Kf8 28. Bb1 c5 29. g4 Kg7 1/2-1/2

[Event "FB1 2223 Hamburger SK - SK Schwäbisch "]
[Site "?"]
[Date "2022.11.13"]
[Round "4.5"]
[White "Milliet, Sophie"]
[Black "Ziegenfuss, Antonia"]
[Result "0-1"]
[WhiteElo "2388"]
[BlackElo "2112"]
[PlyCount "54"]
[EventDate "2022.??.??"]

1. e4 c5 2. Nf3 e6 3. b3 b6 4. d4 cxd4 5. Nxd4 Bc5 6. Bb2 Nf6 7. e5 Nd5 8. c4 Ne7 9. Qf3 Bxd4 10. Bxd4 Nbc6 11. Bc3 Qc7 12. Nd2 Bb7 13. Qh5 Nf5 14. Nf3 b5 15. Bd3 Nce7 16. Rc1 bxc4 17. bxc4 Ng6 18. g3 Nfh4 19. Nxh4 Nxh4 20. Qxh4 Bxh1 21. Qg4 O-O 22. f3 Qc5 23. Ke2 Bg2 24. Qe4 g6 25. h4 Rad8 26. Bd4 Qa3 27. c5 Qxc1 0-1

[Event "FB1 2223 Hamburger SK - SK Schwäbisch "]
[Site "?"]
[Date "2022.11.13"]
[Round "4.6"]
[White "Wulf, Constanze"]
[Black "Matnadze Bujiashvili, Ann"]
[Result "0-1"]
[WhiteElo "1830"]
[BlackElo "2387"]
[PlyCount "98"]
[EventDate "2022.??.??"]

1. Nf3 Nf6 2. c4 e6 3. d4 d5 4. Nc3 g6 5. Bg5 Bg7 6. e3 O-O 7. Be2 Nc6 8. O-O Ne7 9. Rc1 h6 10. Bh4 Nf5 11. Qc2 c6 12. b4 Nxh4 13. Nxh4 dxc4 14. Bxc4 Nd5 15. Bxd5 exd5 16. Nf3 Bf5 17. Qd2 Rc8 18. Ne1 h5 19. Nd3 h4 20. h3 Qg5 21. Nf4 Qe7 22. b5 g5 23. Nfe2 Qd7 24. e4 dxe4 25. Qxg5 cxb5 26. Qxh4 Rfe8 27. Ng3 Bg6 28. Qg5 Qxd4 29. Nxb5 Qe5 30. Qxe5 Bxe5 31. Rfe1 a6 32. Rxc8 Rxc8 33. Na3 f5 34. Nb1 Rc2 35. a3 Kf7 36. Nf1 Ke6 37. Rd1 f4 38. Nbd2 Bd6 39. Nb3 Rb2 40. Nd4+ Ke5 41. g3 Bh5 42. g4 Bf7 43. Nf5 Bxa3 44. Nd2 Bb4 45. Nh6 Be6 46. Nf1 a5 47. h4 a4 48. g5 a3 49. g6 Kf6 0-1

[Event "FB1 2223 TuRa Harksheide  - FC Bayern M"]
[Site "?"]
[Date "2022.11.13"]
[Round "4.1"]
[White "Ricken, Katharina"]
[Black "Antolak, Julia"]
[Result "1/2-1/2"]
[WhiteElo "2188"]
[BlackElo "2278"]
[PlyCount "80"]
[EventDate "2022.??.??"]

1. Nf3 Nf6 2. g3 b5 3. Bg2 Bb7 4. Na3 a6 5. c4 e6 6. b3 bxc4 7. bxc4 Be7 8. O-O O-O 9. Rb1 Bc6 10. d3 d6 11. Nc2 e5 12. Bg5 a5 13. Bxf6 Bxf6 14. Nd2 Bxg2 15. Kxg2 Na6 16. Ne3 Be7 17. Qa4 Nc5 18. Qb5 Qc8 19. Ne4 Ne6 20. Qb7 f5 21. Qxc8 Raxc8 22. Nc3 c6 23. Rb7 Bd8 24. Rfb1 Bc7 25. Nc2 Rb8 26. Rxb8 Rxb8 27. Rxb8+ Bxb8 28. Na4 Bc7 29. Kf1 Kf7 30. f3 h5 31. h3 g5 32. e3 Nf8 33. Kf2 Nd7 34. Ke2 Nf6 35. Nc3 Ke6 36. Kf2 Bd8 37. Ke2 Be7 38. e4 f4 39. g4 hxg4 40. hxg4 Bd8 1/2-1/2

[Event "FB1 2223 TuRa Harksheide  - FC Bayern M"]
[Site "?"]
[Date "2022.11.13"]
[Round "4.2"]
[White "Unuk, Laura"]
[Black "Exler, Veronika"]
[Result "1-0"]
[WhiteElo "2304"]
[BlackElo "2130"]
[PlyCount "83"]
[EventDate "2022.??.??"]

1. e4 c6 2. Nc3 d5 3. Nf3 Bg4 4. h3 Bxf3 5. Qxf3 e6 6. g3 Nd7 7. Bg2 Ngf6 8. d3 Bb4 9. O-O Qa5 10. Nd1 Bd2 11. Ne3 Bxc1 12. Rfxc1 Ne5 13. Qe2 d4 14. Nf1 c5 15. f4 Nc6 16. e5 Nd5 17. Bxd5 exd5 18. Re1 Qc7 19. Qg4 O-O 20. Nd2 Nb4 21. Qd1 Qd7 22. Kg2 Qa4 23. a3 Nxc2 24. Kh2 c4 25. dxc4 dxc4 26. Re4 b5 27. Rc1 d3 28. f5 Qa6 29. f6 gxf6 30. Qh5 fxe5 31. Rh4 h6 32. Rg4+ Kh7 33. Qf5+ Kh8 34. Qxe5+ f6 35. Qh5 Qb7 36. Qxh6+ Qh7 37. Qf4 Qd7 38. Rh4+ Kg8 39. Qh6 Kf7 40. Rf1 Ke7 41. Re4+ Kd6 42. Rxf6+ 1-0

[Event "FB1 2223 TuRa Harksheide  - FC Bayern M"]
[Site "?"]
[Date "2022.11.13"]
[Round "4.3"]
[White "Khrapko, Marharyta"]
[Black "Urh, Zala"]
[Result "0-1"]
[WhiteElo "2147"]
[BlackElo "2290"]
[PlyCount "66"]
[EventDate "2022.??.??"]

1. e4 c5 2. Nf3 Nc6 3. d4 cxd4 4. Nxd4 Nf6 5. Nc3 e5 6. Ndb5 d6 7. Bg5 a6 8. Na3 b5 9. Bxf6 gxf6 10. Nd5 f5 11. c3 Bg7 12. Bd3 Be6 13. Qh5 O-O 14. exf5 Bxd5 15. f6 e4 16. fxg7 Re8 17. Qxd5 exd3+ 18. Kd2 Re2+ 19. Kxd3 Qe8 20. Rhd1 Rxb2 21. Nc2 Rc8 22. Re1 Ne5+ 23. Kd2 b4 24. Kc1 bxc3 25. a4 Qd8 26. f4 Nc4 27. Ne3 Nd2 28. Ra3 Rb1+ 29. Kc2 Rxe1 30. Nf5 Re6 31. g4 Qb6 32. Rxc3 Qb1+ 33. Kxd2 Qe1+ 0-1

[Event "FB1 2223 TuRa Harksheide  - FC Bayern M"]
[Site "?"]
[Date "2022.11.13"]
[Round "4.4"]
[White "Radikovic, Anamarija"]
[Black "Mayrhuber, Nikola"]
[Result "1/2-1/2"]
[WhiteElo "2101"]
[BlackElo "2128"]
[PlyCount "75"]
[EventDate "2022.??.??"]

1. e4 c5 2. Nc3 a6 3. Nge2 d6 4. g3 Nf6 5. Bg2 g6 6. O-O Bg7 7. d3 O-O 8. h3 Nc6 9. Be3 Nd7 10. f4 Nd4 11. Qd2 Rb8 12. Rae1 b5 13. Nc1 b4 14. Nd1 a5 15. c3 bxc3 16. bxc3 Nb5 17. f5 a4 18. Bh6 Qa5 19. Bxg7 Kxg7 20. Ne2 Ba6 21. Ne3 Ne5 22. Nd5 Nd4 23. Nc1 f6 24. Nxe7 c4 25. fxg6 hxg6 26. dxc4 Ne6 27. Qxd6 Bxc4 28. Rf2 Qxc3 29. Qd2 Qxg3 30. Nd5 a3 31. Re3 Qg5 32. Rxa3 Rb1 33. Qxg5 Nxg5 34. Rc2 Bd3 35. Rc7+ Rf7 36. Rxf7+ Kxf7 37. Rc3 Bxe4 38. Nf4 1/2-1/2

[Event "FB1 2223 TuRa Harksheide  - FC Bayern M"]
[Site "?"]
[Date "2022.11.13"]
[Round "4.5"]
[White "Stangl, Anita"]
[Black "Brandt, Carina"]
[Result "0-1"]
[WhiteElo "2023"]
[BlackElo "2040"]
[PlyCount "58"]
[EventDate "2022.??.??"]

1. e4 c5 2. Nf3 e6 3. d4 cxd4 4. Nxd4 Nc6 5. c4 Nf6 6. Nxc6 bxc6 7. Bd3 Qc7 8. Nc3 e5 9. O-O Bc5 10. Bg5 d6 11. Bxf6 gxf6 12. Qh5 Be6 13. Kh1 O-O-O 14. f4 exf4 15. Rxf4 Bd4 16. Rff1 Rhg8 17. Rac1 Rg5 18. Qh4 Rdg8 19. Rc2 Qa5 20. Nd5 Qd8 21. Nf4 Rg4 22. Qe1 Qf8 23. c5 dxc5 24. Qa5 Qd6 25. Qxa7 Rxf4 26. Rxf4 Qxf4 27. Ba6+ Kd8 28. Qa8+ Ke7 29. Qxg8 Qe3 0-1

[Event "FB1 2223 TuRa Harksheide  - FC Bayern M"]
[Site "?"]
[Date "2022.11.13"]
[Round "4.6"]
[White "Koehler, Inken"]
[Black "Spiel, Marianne"]
[Result "1-0"]
[WhiteElo "2010"]
[BlackElo "1831"]
[PlyCount "99"]
[EventDate "2022.??.??"]

1. c4 Nf6 2. Nc3 e6 3. g3 d5 4. cxd5 exd5 5. d4 Be7 6. Bg2 c6 7. Nf3 Bf5 8. O-O h6 9. Bf4 O-O 10. Qb3 Qb6 11. Na4 Qxb3 12. axb3 Nbd7 13. Rfc1 Rfe8 14. Nc5 Nxc5 15. dxc5 g5 16. Be3 Nd7 17. Nd4 Bg6 18. b4 a6 19. Bh3 Rad8 20. b3 Ne5 21. Nf5 Bf8 22. Nd4 Nd7 23. Bd2 Bg7 24. e3 Ne5 25. Bc3 Nd3 26. Rd1 Ne5 27. Bg2 Ng4 28. Rac1 Nf6 29. Nf3 Ne4 30. Bxg7 Kxg7 31. Nd4 Nf6 32. Bh3 Re5 33. Nf3 Re7 34. Nd4 Re5 35. Bf1 Ne8 36. Bxa6 Rd7 37. Be2 Nc7 38. b5 cxb5 39. Nxb5 Nxb5 40. Bxb5 Rc7 41. Rd4 Be4 42. b4 Bf3 43. Kf1 Kf6 44. Be2 Bxe2+ 45. Kxe2 Ke6 46. Rcd1 Rc6 47. f4 gxf4 48. gxf4 Rh5 49. h4 Rxh4 50. f5+ 1-0

[Event "FB1 2223 SV Hemer 1932 - Hamburger SK"]
[Site "?"]
[Date "2023.02.18"]
[Round "5.1"]
[White "Roebers, Eline"]
[Black "Werle, Iozefina"]
[Result "1-0"]
[WhiteElo "2360"]
[BlackElo "2312"]
[PlyCount "75"]
[EventDate "2023.??.??"]

1. e4 e6 2. d4 d5 3. Nc3 dxe4 4. Nxe4 Nd7 5. Nf3 Ngf6 6. Bg5 h6 7. Nxf6+ Nxf6 8. Bxf6 Qxf6 9. Bb5+ c6 10. Bd3 Bd6 11. Qe2 Bd7 12. O-O-O O-O-O 13. Be4 Rhe8 14. Kb1 g5 15. Rhe1 Kb8 16. Rd3 g4 17. Nd2 e5 18. d5 c5 19. Rb3 Qe7 20. Qa6 Bc8 21. Nc4 Qc7 22. Ne3 b6 23. Qd3 h5 24. c4 Qe7 25. a4 Kc7 26. a5 Qg5 27. Ra3 Rf8 28. Qb3 Bb7 29. Qb5 Kb8 30. axb6 a6 31. Rxa6 f5 32. Bc2 Bxa6 33. Qxa6 Qe7 34. Nxf5 Qb7 35. Qa5 Rf6 36. Re3 Rdf8 37. Ba4 Kc8 38. Bc6 1-0

[Event "FB1 2223 SV Hemer 1932 - Hamburger SK"]
[Site "?"]
[Date "2023.02.18"]
[Round "5.2"]
[White "Voicu-Jagodzinsky, Carmen"]
[Black "Papp, Sarah"]
[Result "1/2-1/2"]
[WhiteElo "2303"]
[BlackElo "2293"]
[PlyCount "57"]
[EventDate "2023.??.??"]

1. Nf3 Nf6 2. c4 e6 3. b3 d5 4. Bb2 c5 5. e3 Nc6 6. cxd5 exd5 7. Bb5 Bd6 8. O-O O-O 9. Bxc6 bxc6 10. Nc3 Bg4 11. Ne2 Re8 12. Ng3 h5 13. Qc2 d4 14. Nh4 Nd5 15. Ngf5 Nb4 16. Qc4 Re5 17. Nxd6 Be6 18. Qe2 Qxh4 19. f4 Rd5 20. Ne4 Bf5 21. Nf2 Re8 22. Qf3 dxe3 23. dxe3 Bg4 24. Nxg4 hxg4 25. Qe2 g3 26. hxg3 Qxg3 27. Rf3 Qg6 28. Be5 f6 29. Bc3 1/2-1/2

[Event "FB1 2223 SV Hemer 1932 - Hamburger SK"]
[Site "?"]
[Date "2023.02.18"]
[Round "5.3"]
[White "Genova, Lyubka"]
[Black "Kucharska, Honorata"]
[Result "1/2-1/2"]
[WhiteElo "2222"]
[BlackElo "2173"]
[PlyCount "137"]
[EventDate "2023.??.??"]

1. e4 e5 2. Nf3 Nf6 3. Nc3 Bb4 4. d3 Nc6 5. g3 d5 6. exd5 Nxd5 7. Bd2 O-O 8. Bg2 Nxc3 9. bxc3 Bc5 10. O-O f6 11. Rb1 Bb6 12. Re1 Be6 13. c4 Qd7 14. Bc3 Bg4 15. Qe2 Bd4 16. Bd2 Bb6 17. Bc3 Rad8 18. Qf1 Rfe8 19. h3 Be6 20. Kh2 Ba5 21. Bxa5 Nxa5 22. Nd2 b6 23. Nb3 Nc6 24. Qe2 Bf7 25. Qg4 Qxg4 26. hxg4 Nd4 27. Nxd4 Rxd4 28. Re4 Bg6 29. Rxd4 exd4 30. Bf3 Re5 31. Kg2 Ra5 32. Rb2 Kf8 33. Kf1 Ke7 34. Ke2 Kd6 35. Kd2 Ra3 36. Bd5 c6 37. Bg2 Ra5 38. f4 h5 39. Bf3 hxg4 40. Bxg4 Bh5 41. Be2 Bxe2 42. Kxe2 Rh5 43. Kf3 Kc5 44. Kg2 Rh8 45. Rb1 Re8 46. Kf3 f5 47. a3 b5 48. cxb5 cxb5 49. Rh1 b4 50. axb4+ Kxb4 51. Rb1+ Kc3 52. Rb7 Ra8 53. Rxg7 a5 54. Rf7 a4 55. Rxf5 a3 56. Rc5+ Kd2 57. Rh5 a2 58. Rh1 Kxc2 59. Ke4 Rg8 60. Kxd4 Rxg3 61. Rh2+ Kb3 62. Rxa2 Kxa2 63. f5 Kb3 64. Ke5 Rxd3 65. f6 Kc4 66. f7 Rf3 67. Ke6 Kc5 68. Ke7 Rxf7+ 69. Kxf7 1/2-1/2

[Event "FB1 2223 SV Hemer 1932 - Hamburger SK"]
[Site "?"]
[Date "2023.02.18"]
[Round "5.4"]
[White "Hess, Olena"]
[Black "Ziegenfuss, Antonia"]
[Result "1/2-1/2"]
[WhiteElo "2051"]
[BlackElo "2157"]
[PlyCount "141"]
[EventDate "2023.??.??"]

1. Nf3 c5 2. c4 Nf6 3. d4 cxd4 4. Nxd4 e5 5. Nb5 d5 6. cxd5 Bc5 7. e3 O-O 8. N5c3 e4 9. Be2 Re8 10. Nd2 a6 11. Nb3 Bd6 12. Nd4 Nbd7 13. Nf5 Ne5 14. Nxd6 Qxd6 15. h3 b5 16. O-O b4 17. Na4 Bb7 18. b3 Nxd5 19. Bb2 Rad8 20. Qd4 Qg6 21. Qa7 Bc8 22. Bxe5 Rxe5 23. Kh2 Rg5 24. Rg1 Qf6 25. Raf1 Qd6+ 26. Kh1 Rf8 27. Qd4 Qh6 28. Kh2 Nf6 29. f4 Rd5 30. Qxb4 Bg4 31. Qe1 Rfd8 32. Nc3 Rh5 33. Qg3 Rh4 34. Rd1 Bd7 35. Rge1 Rc8 36. Nd5 Nxd5 37. Rxd5 Bc6 38. Rd2 Qf6 39. Red1 Rh6 40. Qg5 Re8 41. Qxf6 Rxf6 42. Rd6 Bb5 43. Bxb5 axb5 44. Rd8 Rf8 45. R1d4 Ra6 46. Rxf8+ Kxf8 47. Rxe4 Rxa2 48. Re5 b4 49. Re4 f5 50. Rxb4 Re2 51. Rb5 g6 52. Rb7 Rxe3 53. b4 Rb3 54. b5 Kg8 55. b6 Kh8 56. Kg1 Rb4 57. g3 h5 58. Kf2 h4 59. gxh4 Rxf4+ 60. Kg3 Rb4 61. Kf3 Kg8 62. Ke3 Kf8 63. Kd3 f4 64. Ke2 Rb3 65. Kf2 Ke8 66. Rb8+ Kf7 67. b7 Kg7 68. Kg2 Rg3+ 69. Kf2 Rb3 70. Kg2 Rg3+ 71. Kf2 1/2-1/2

[Event "FB1 2223 SV Hemer 1932 - Hamburger SK"]
[Site "?"]
[Date "2023.02.18"]
[Round "5.5"]
[White "Wulf, Constanze"]
[Black "Naumenko, Valerija"]
[Result "1-0"]
[WhiteElo "1839"]
[BlackElo "1778"]
[PlyCount "40"]
[EventDate "2023.??.??"]

1. Nf3 Nf6 2. e3 d5 3. b3 e6 4. Bb2 Be7 5. c4 O-O 6. Nc3 c5 7. d4 b6 8. Be2 Nc6 9. O-O h6 10. Rc1 Bb7 11. cxd5 exd5 12. dxc5 bxc5 13. Na4 Ne4 14. Nd2 Qa5 15. Nxe4 dxe4 16. Qd7 Rab8 17. Rfd1 Rfd8 18. Qg4 f6 19. Qxe4 Ne5 20. Qf5 Bc8 1-0

[Event "FB1 2223 SV Hemer 1932 - Hamburger SK"]
[Site "?"]
[Date "2023.02.18"]
[Round "5.6"]
[White "Trunz, Michelle"]
[Black "Wartenberg, Alissa"]
[Result "1-0"]
[WhiteElo "1973"]
[BlackElo "1835"]
[PlyCount "87"]
[EventDate "2023.??.??"]

1. d4 d5 2. c4 c6 3. cxd5 cxd5 4. Nc3 Nf6 5. Nf3 Nc6 6. Bf4 Bf5 7. e3 Qb6 8. Bb5 a6 9. Qa4 Rc8 10. Bxc6+ bxc6 11. O-O Bd3 12. Rfc1 Qxb2 13. Ne5 Bb5 14. Qa5 e6 15. Nxb5 Qxb5 16. Qxb5 axb5 17. Rxc6 Rxc6 18. Nxc6 Ne4 19. Rb1 Nc3 20. Rb3 b4 21. Nxb4 Bxb4 22. Rxb4 O-O 23. a4 Ra8 24. a5 Ne2+ 25. Kf1 Nxf4 26. exf4 Kf8 27. Rb5 Ke7 28. Ke2 Ra7 29. Kd3 Rc7 30. a6 Kd7 31. Ra5 Rc8 32. f5 Ra8 33. fxe6+ fxe6 34. Kc3 Kc6 35. Kb4 Kb6 36. Rb5+ Kxa6 37. Ra5+ Kb7 38. Rxa8 Kxa8 39. Kc5 Kb7 40. Kd6 Kb6 41. Kxe6 Kc6 42. f4 g6 43. g4 h6 44. f5 1-0

[Event "FB1 2223 SG Solingen - TuRa Harksheide"]
[Site "?"]
[Date "2023.02.18"]
[Round "5.1"]
[White "Antolak, Julia"]
[Black "Gaponenko, Inna"]
[Result "1/2-1/2"]
[WhiteElo "2273"]
[BlackElo "2341"]
[PlyCount "33"]
[EventDate "2023.??.??"]

1. d4 d5 2. c4 dxc4 3. e4 e5 4. Nf3 Bb4+ 5. Nc3 exd4 6. Nxd4 Nd7 7. Bxc4 Ngf6 8. O-O O-O 9. f3 Ne5 10. Be2 c6 11. Be3 Qe7 12. Qc2 Re8 13. Kh1 Ng6 14. Bc4 Ne5 15. Be2 Ng6 16. Bc4 Ne5 17. Be2 1/2-1/2

[Event "FB1 2223 SG Solingen - TuRa Harksheide"]
[Site "?"]
[Date "2023.02.18"]
[Round "5.2"]
[White "Van Foreest, Machteld"]
[Black "Unuk, Laura"]
[Result "1-0"]
[WhiteElo "2330"]
[BlackElo "2296"]
[PlyCount "87"]
[EventDate "2023.??.??"]

1. e4 e5 2. Nf3 Nc6 3. Bc4 Bc5 4. c3 Nf6 5. d3 O-O 6. Bg5 d6 7. Bb3 h6 8. Bh4 a5 9. Nbd2 Be6 10. O-O Qe7 11. Ba4 Ba7 12. Re1 g5 13. Bg3 Rab8 14. Nf1 b5 15. Bc2 Rfe8 16. Qd2 Qf8 17. d4 Bg4 18. Qd3 Bh5 19. h3 Bg6 20. N1d2 Nh5 21. Bh2 Nf4 22. Bxf4 exf4 23. a4 b4 24. Qc4 Rb6 25. d5 bxc3 26. bxc3 Rb2 27. dxc6 Rxc2 28. Qb3 Rxd2 29. Nxd2 Rb8 30. Qd5 Rb2 31. e5 dxe5 32. Rxe5 Kh7 33. Rae1 Bb6 34. R1e2 Rc2 35. Ne4 Rc1+ 36. Kh2 Qg7 37. Re7 f3 38. gxf3 Ra1 39. Ng3 Rxa4 40. c4 Qc3 41. Rxf7+ Bxf7 42. Qxf7+ Qg7 43. Qf5+ Qg6 44. Re7+ 1-0